Optimizacija planovych programm pri slabo soglasovanych ograničenijach

Gespeichert in:
Bibliographische Detailangaben
1. Verfasser: Frolov, Vladimir Nikolajevič
Format: Buch
Sprache:Russisch
Veröffentlicht: Moskva Nauka 1986
Ausgabe:1. izd.
Tags: Tag hinzufügen
Keine Tags, Fügen Sie das erste Tag hinzu!

MARC

LEADER 00000nam a2200000 4500
001 c027940
005 20230223113332.0
041 0 |a rus 
044 |a RU 
245 1 0 |a Optimizacija planovych programm pri slabo soglasovanych ograničenijach  |c Vladimir Nikolajevič Frolov 
250 |a 1. izd. 
264 1 |a Moskva  |b Nauka  |c 1986 
300 |a 164 s. 
100 1 |a Frolov, Vladimir Nikolajevič